00756cam a22002291 4500001001300000003000400013005001700017008004100034010001700075025001900092035002000111040001800131042001200149050002300161082001800184110008700202245010300289260006600392300002300458650002800481999001700509sa 67006894 DLC20260227112411.0870303m19669999pk k 000 0 eng  asa 67006894  aPL480:P-E-1060 a(OCoLC)15259080 aDLCcCLUdDLC apremarc00aKPL2176b.A33 1966 a324/.2/0954911 aWest Pakistan.bBasic Democracies, Social Welfare and Local Government Department.12aA handbook of rules and instructions on the elections to basic democracies in West Pakistan, 1966. a[Lahore,bSuperintendent, Govt. Print., West Pakistan,c1966- av.bforms.c26 cm. 0aElection lawzPakistan. c76221d76221